[Event "Hessen-ch Seniors op 02nd"]
[Site "Bad Sooden-Allendorf"]
[Date "2006.05.03"]
[Round "9"]
[White "Junga, Otto"]
[Black "Beikirch, Heinz"]
[Result "1/2-1/2"]
[WhiteElo "1734"]
[BlackElo "1633"]
[PlyCount "48"]
[EventDate "2006.04.25"]
[EventType "swiss"]
[EventRounds "9"]
[EventCountry "GER"]
[SourceTitle "EXT 2007"]
[Source "ChessBase"]
[SourceDate "2006.11.23"]
[SourceVersion "1"]
[SourceVersionDate "2006.11.23"]
[SourceQuality "1"]

1. d4 Nf6 2. Bf4 e6 3. e3 d5 4. Nf3 Bd6 5. Bxd6 Qxd6 6. c3 0-0 7. Bd3 Nbd7 8. Nbd2 c5 9. 0-0 e5 10. dxe5 Nxe5 11. Nxe5 Qxe5 12. Nf3 Qc7 13. h3 Bd7 14. Qc2 Rfe8 15. c4 dxc4 16. Qxc4 b5 17. Qh4 c4 18. Bc2 Bc6 19. Nd4 Be4 20. Bxe4 Rxe4 21. Qg5 Re5 22. Nf5 g6 23. Qxf6 Rxf5 24. Qc3 Rc5 1/2-1/2